000 00598nam a2200217Ia 4500
003 OSt
005 20220928144548.0
006 a|||||r|||| 00| 0
007 ta
008 220927b |||||||| |||| 00| 0 eng d
024 _a71951
037 _cTextual
040 _aSDCL
_cSDCL
_beng
041 _2eng
_aeng
082 _aX651.73'N57<-M64v5, K4
100 _aCam Gilbert A.
_9508322
245 0 _aSurvey of the literature on investment companies,1864-1957.
260 _c1964
942 _hX651.73'N57<-M64v5, K4
_cTEXL
_2CC
999 _c828015
_d828015